00473cam a2200157ua 45000010005000000080039000050200022000440400009000660820011000752450076000862600038001623000014002006530012002146530064002267000025002905916131026n ii |||gr||||Z||||||eng a978 93 80261 56 0 cMAIN a954.1611aColonial Legacy Environmental Crisis in North East IndiacBy A.C. Sinha aGuwahati:bEBH Publishers,c2012. avii,229p. aHistory aColonial Legacy and Environmental Crises in Northeast India1 aSinha,A.C.,eAuthor.